Evaluación del efecto de los cambios realizados al capítulo de mampostería del Código Sísmico de Costa Rica en el diseño de una nave industrial
Sparad:
| Huvudupphovsman: | |
|---|---|
| Materialtyp: | Bok |
| Språk: | Spanish |
| Publicerad: |
[San José, Costa Rica]
2003
|
| Ämnen: | |
| Taggar: |
Lägg till en tagg
Inga taggar, Lägg till första taggen!
|
MARC
| LEADER | 00000nam a2200000Ia 4500 | ||
|---|---|---|---|
| 003 | 010273 | ||
| 005 | 20221231144148.0 | ||
| 008 | 140114s2003 cr a m 000 ||spa d | ||
| 040 | |c cru CEDI | ||
| 090 | |a TFG 4967 | ||
| 100 | |a Mora Rivas, Patricia |9 7007 | ||
| 245 | |a Evaluación del efecto de los cambios realizados al capítulo de mampostería del Código Sísmico de Costa Rica en el diseño de una nave industrial | ||
| 260 | |c 2003 |a [San José, Costa Rica] | ||
| 300 | |a xi, 46, [169] hojas : ilustraciones | ||
| 500 | |a Tesis (licenciatura en ingeniería civil)--Universidad de Costa Rica. Escuela de Ingeniería Civil | ||
| 650 | |x MAMPOSTERIA |x CODIGO SISMICO |x COSTA RICA |x DISEÑO DE ESTRUCTURAS |9 7008 | ||
| 942 | |c TFG | ||
| 999 | |c 17784 |d 17784 | ||
